000 01251nam2a22002411 4500
001 rc\260888
005 20250621063906.0
035 _a(NLR Aleph) 005629985
090 _a6566909
_c6566909
100 _a20030307d1990 |||y0rusy50 ca
101 0 _arus
102 _aRU
105 _ay |||||||||
200 0 _aЧ. 1
_f[Редкол.: Л.А. Грицюте (отв. ред.) и др.]
210 _d1990
_aБ. м.
215 _a189, [1] с.
461 0 _1001rc\260887
_12001#$aАктуальные вопросы клинической и теоретической онкологии$eМатериалы 7-й Конф. онкологов ЛитССР, ЛатвССР, ЭССР, 28-30 марта 1990 г., Паланга$vЧ. 1
_96566901
_cВильнюс
_d1990-
_nНИИ онкологии
_oМатериалы 7-й Конф. онкологов ЛитССР, ЛатвССР, ЭССР, 28-30 марта 1990 г., Паланга
_tАктуальные вопросы клинической и теоретической онкологии
_vЧ. 1
702 1 _aГрицюте
_bЛ.-Л.А.
_gЛюдвика-Лайма Аугустовна
_4340
801 0 _aRU
_bNLR
_gpsbo
801 1 _aRU
_bELAR
_2rusmarc
852 _aNLR
_j90-3/2852
942 _cBOOK
980 _aNB